000
00321nam a22001337a 4500
008
170424b xxu||||| |||| 00| 0 eng d
020
_a
9780471415756
041
_a
eng
080
_2
4TH
_a
54
100
_a
12
101
_a
SHM
245
_a
THE EXTRAORDINARY CHEMISTRY OF ORDINARY THINGS
_c
SNYDER, C.H
942
_2
udc
_c
BK
999
_c
11622
_d
11622